Datum a čas kvízu
35.5
Celkem bodů
Celkový počet nahraných bodů na tomto kvízu bez doplňovacích otázek.
1.
Pořadí na kvízu
Konečné umístění týmu na tomto kvízu.
Zaznamenané odpovědi
| # | Otázka | Odpověď | Body | Výsledky |
|---|---|---|---|---|
| 1. | Minulý týden policie informova... | škvor | 0 | |
| 2. | Ve které zemi byl minulý týden... | v Číně | 1 | |
| 3. | Jedna televizní stanice ukonči... | MTV | 1 | |
| 4. | Který ostrovní stát zavedl jak... | Island | 1 | |
| 5. | V průběhu prosince probíhalo m... | Luke Littler | 1 | |
| 6. | Mezi nejúspěšnější sourozence... | 2008; 2012 | 0 | |
| 7. | Pouhých 65 setin sekundy od me... | Petr; Martin | 0.5 | |
| 8. | Opomenout v tomto tématu nesmí... | 7,5 km; 6 km | 1 | |
| 9. | Nyní bude vaším úkolem napsat,... | v akrobatickém lyžování (jízda v boulích) | 1 | |
| 10. | Na závěr se podíváme na bratrs... | B) Maďarsko | 1 |